000 00437cam a2200181ua 4500
020 _c4.00
041 _aeng
_h
082 _a510
_bNAT/PO
100 _aNatarajan, T .
245 _aPolytechnic mathematics : Mysore state /
_cT Natarajan.
_hTextual Documents
250 _a1 /
_b.
260 _aChennai :
_bS.Viswanathan ,
_c1959.
300 _a354 ; .
365 _a4.00
504 _a
942 _cBK
999 _c9442
_d9442